LEADER 00913nam a2200253 i 4500 001 000000148841 003 CaOOAMICUS 005 20260121160327.0 008 060316s1965 vc u000 u lat u 040 $aSeMil$bita 110 2 $aChiesa Cattolica.$0(OLS)http://semarc/name/987 245 10$aKyriale simplex. 250 $aEd. Typica. 264 1$a[Città del Vaticano] :$bTypis Polyglottis Vaticanis,$c1965. 300 $a47 p. ;$c21 cm. 650 4$aLibri liturgici - Kyriale.$0(OLS)http://semarc/subject/59371 850 $aSeMil 852 $aSeMil$W1$xVenegono$y1$m5D IV 7/23$j266617$B101196$CSeMilBibl$Z2$F110476 $81 910 2 $aSanta Sede. 961 $aOmaggio: Altro 996 $6245$aKyriale simplex$9(OLS)http://semarc/title/217586 996 $6264$a[Città del Vaticano] :$bTypis Polyglottis Vaticanis$9(OLS)http://semarc/publisher/34811 LEADER 01320nam a2200277 i 4500 001 000000062752 003 CaOOAMICUS 005 20181030142437.0 008 100623s1975 it u000 u ita u 013 $a33924 040 $aSeMil$bita 100 1 $aRey-Mermet, Théodule .$0(OLS)http://semarc/name/4864 240 10$aLaissez-vous réconcilier... La confession aujourd'hui?.$0(OLS)http://semarc/title/98848 245 10$aLasciatevi riconciliare... :$bla confessione oggi /$cThéodule Rey-Mermet [traduzione di Germano Battaglia ]. 260 $aLeumann (Torino) :$bElle Di Ci,$cstampa 1975. 300 $a143 ;$c21 cm. 490 0 $aEvangelizzazione e sacramenti [Elle Di Ci] 650 4$aPenitenza - Manuali.$0(OLS)http://semarc/subject/4416 700 1 $aBattaglia, Germano.$0(OLS)http://semarc/name/31753 830 0$aEvangelizzazione e sacramenti [Elle Di Ci].$0(OLS)http://semarc/title/419614 850 $aSeMil 852 $aSeMil$W1$xVenegono$y1$m2F V 186$j28905$B28905$CSeMilBibl$Z2$F28908 $81 961 $aOmaggio: Biblioteca Seminario Corso Venezia 996 $6245$aLasciatevi riconciliare... :$bla confessione oggi$9(OLS)http://semarc/title/98847 996 $6260$aLeumann (Torino) :$bElle Di Ci$9(OLS)http://semarc/publisher/29809